Taylor Swift - Setlist du Eras Tour #2 - Statistiques

Statistiques générales
  • Ce quiz a été pris 2 197 fois
  • Le résultat moyen est 39 sur 44
Statistiques - réponses
Hint Réponse % Correct
Lover Era Lover
99%
Lover Era Cruel Summer
97%
Fearless Era Fearless
97%
Red Era 22
96%
Speak Now Era Enchanted
96%
Lover Era Miss Americana & The Heartbreak Prince
96%
Fearless Era Love Story
95%
Lover Era The Man
95%
1989 Era Blank Space
94%
1989 Era Shake It Off
94%
Fearless Era You Belong With Me
94%
Red Era All Too Well
93%
Midnights Era Karma
93%
Reputation Era Look What You Made Me Do
93%
Reputation Era Ready For It?
93%
Reputation Era Don't Blame Me
92%
1989 Era Style
92%
Lover Era You Need to Calm Down
92%
1989 Era Bad Blood
90%
Folkmore Era cardigan
90%
Reputation Era Delicate
90%
Red Era We Are Never Ever Getting Back Together
89%
Midnights Era Anti-hero
88%
The Tortured Poets Department Era Fortnight
88%
Midnights Era Lavender Haze
88%
Midnights Era Midnight Rain
88%
1989 Era Wildest Dreams
88%
Folkmore Era august
87%
Folkmore Era betty
87%
The Tortured Poets Department Era I Can Do It With a Broken Heart
86%
Red Era I Knew You Were Trouble
86%
Folkmore Era Willow
86%
Folkmore Era Champagne Problems
85%
The Tortured Poets Department Era So High School
84%
Midnights Era Vigilante Shit
84%
Folkmore Era Marjorie
83%
Midnights Era Bejeweled
82%
The Tortured Poets Department Era The Smallest Man Who Ever Lived
82%
The Tortured Poets Department Era But Daddy I Love Him
81%
Folkmore Era illicit affairs
81%
Midnights Era Mastermind
81%
The Tortured Poets Department Era Who's Afraid of Little Old Me?
81%
The Tortured Poets Department Era Down Bad
78%
Folkmore Era my tears ricochet
77%
Aucun quiz correspondant
Distribution des résultats
% des personnes avec chaque résultat
Percentile par nombre de réponses
Votre historique - résultats
Vous n’avez pas pris ce quiz